[Event "Stay Safe Play From Home 174"]
[Site "T#646332Emanuel Laske"]
[Date "2020.05.25"]
[Round "9"]
[White "Kongle"]
[Black "Aktürk"]
[Result "1-0"]
[WhiteElo "1869"]
[BlackElo "1429"]
[Annotator "NA"]
[PlyCount "67"]
[EventDate "2020.05.25"]
[EventType "swiss (blitz)"]

1. d4 {[%emt 0:00:02]} e6 {[%emt 0:00:01]} 2. c4 {[%emt 0:00:02]} Qf6 {[%emt 0:00:00]} 3. Nc3 {[%emt 0:00:01]} Nc6 {[%emt 0:00:01]} 4. Nf3 {[%emt 0:00:01]} Qg6 {[%emt 0:00:01]} 5. Bf4 {[%emt 0:00:05]} Bd6 {[%emt 0:00:03]} 6. Bxd6 {[%emt 0:00:02]} cxd6 {[%emt 0:00:01]} 7. g3 {[%emt 0:00:04]} Nb4 {[%emt 0:00:01]} 8. Rc1 {[%emt 0:00:04]} h5 {[%emt 0:00:05]} 9. h4 {[%emt 0:00:02]} Nf6 {[%emt 0:00:03]} 10. Bg2 {[%emt 0:00:03]} Ng4 {[%emt 0:00:08]} 11. e4 {[%emt 0:00:06]} Nc6 {[%emt 0:00:05]} 12. O-O {[%emt 0:00:05]} f5 {[%emt 0:00:10]} 13. exf5 {[%emt 0:00:08]} Qxf5 {[%emt 0:00:03]} 14. Nb5 {[%emt 0:00:01]} Ke7 {[%emt 0:00:06]} 15. Re1 {[%emt 0:00:04]} a6 {[%emt 0:00:08]} 16. Nc7 {[%emt 0:00:04]} Rb8 {[%emt 0:00:03]} 17. Nd5+ {[%emt 0:00:13]} Kd8 {[%emt 0:00:12]} 18. Nb6 {[%emt 0:00:19]} Rf8 {[%emt 0:00:12]} 19. Re2 {[%emt 0:00:08]} g6 {[%emt 0:00:11]} 20. Qd2 {[%emt 0:00:11]} Ne7 {[%emt 0:00:11]} 21. Ng5 {[%emt 0:00:11]} Kc7 {[%emt 0:00:16]} 22. Be4 {[%emt 0:00:12]} Kxb6 {[%emt 0:00:41]} 23. Bxf5 {[%emt 0:00:02]} Nxf5 {[%emt 0:00:04]} 24. Qb4+ {[%emt 0:00:08]} Ka7 {[%emt 0:00:04]} 25. c5 {[%emt 0:00:03]} d5 {[%emt 0:00:02]} 26. Qb6+ {[%emt 0:00:03]} Ka8 {[%emt 0:00:01]} 27. b4 {[%emt 0:00:07]} Nxd4 {[%emt 0:00:01]} 28. Rd2 {[%emt 0:00:06]} Nc6 {[%emt 0:00:01]} 29. b5 {[%emt 0:00:03]} axb5 {[%emt 0:00:02]} 30. Qxb5 {[%emt 0:00:03]} Na7 {[%emt 0:00:01]} 31. Qa4 {[%emt 0:00:02]} b6 {[%emt 0:00:01]} 32. cxb6 {[%emt 0:00:02]} Rb7 {[%emt 0:00:01]} 33. bxa7 {[%emt 0:00:02]} Rxa7 {[%emt 0:00:01]} 34. Rxc8+ {[%emt 0:00:02] Zaman (Lag: Av=0.57s, max=0.7s)} 1-0

[Event "Stay Safe Play From Home 174"]
[Site "T#646332Emanuel Laske"]
[Date "2020.05.25"]
[Round "9"]
[White "Archi-ak"]
[Black "Don59as"]
[Result "0-1"]
[WhiteElo "1833"]
[BlackElo "2075"]
[Annotator "NA"]
[PlyCount "68"]
[EventDate "2020.05.25"]
[EventType "swiss (blitz)"]

1. e4 {[%emt 0:00:01]} e5 {[%emt 0:00:01]} 2. Nf3 {[%emt 0:00:01]} Nc6 {[%emt 0:00:01]} 3. Bc4 {[%emt 0:00:01]} d6 {[%emt 0:00:03]} 4. h3 {[%emt 0:00:01]} Be7 {[%emt 0:00:01]} 5. Nc3 {[%emt 0:00:09]} Nf6 {[%emt 0:00:01]} 6. d3 {[%emt 0:00:01]} Na5 {[%emt 0:00:02]} 7. Bb3 {[%emt 0:00:01]} Nxb3 {[%emt 0:00:01]} 8. axb3 {[%emt 0:00:00]} O-O {[%emt 0:00:01]} 9. Be3 {[%emt 0:00:03]} c5 {[%emt 0:00:02]} 10. Qd2 {[%emt 0:00:01]} h6 {[%emt 0:00:05]} 11. O-O {[%emt 0:00:02]} Be6 {[%emt 0:00:01]} 12. Nh2 {[%emt 0:00:01]} Nh7 {[%emt 0:00:01]} 13. f4 {[%emt 0:00:02]} f5 {[%emt 0:00:02]} 14. Kh1 {[%emt 0:00:07]} a6 {[%emt 0:00:15]} 15. Rf3 {[%emt 0:00:02]} exf4 {[%emt 0:00:13]} 16. Bxf4 {[%emt 0:00:06]} Ng5 {[%emt 0:00:03]} 17. Rf2 {[%emt 0:00:08]} fxe4 {[%emt 0:00:04]} 18. Nxe4 {[%emt 0:00:01]} Nxe4 {[%emt 0:00:01]} 19. dxe4 {[%emt 0:00:00]} d5 {[%emt 0:00:14]} 20. exd5 {[%emt 0:00:07]} Qxd5 {[%emt 0:00:04]} 21. Re1 {[%emt 0:00:17]} Bf6 {[%emt 0:00:04]} 22. Qxd5 {[%emt 0:00:10]} Bxd5 {[%emt 0:00:01]} 23. Bc1 {[%emt 0:00:11]} Bh4 {[%emt 0:00:06]} 24. Rxf8+ {[%emt 0:00:05]} Rxf8 {[%emt 0:00:00]} 25. Re5 {[%emt 0:00:18]} Bc6 {[%emt 0:00:06]} 26. Re2 {[%emt 0:00:23]} Rd8 {[%emt 0:00:08]} 27. Rd2 {[%emt 0:00:05]} Re8 {[%emt 0:00:01]} 28. Rd1 {[%emt 0:00:18]} Re2 {[%emt 0:00:04]} 29. Nf3 {[%emt 0:00:10]} Bg3 {[%emt 0:00:06]} 30. Kg1 {[%emt 0:00:03]} Rxc2 {[%emt 0:00:03]} 31. Rd8+ {[%emt 0:00:02]} Kh7 {[%emt 0:00:02]} 32. Be3 {[%emt 0:00:01]} Rxb2 {[%emt 0:00:03]} 33. Rd1 {[%emt 0:00:02]} Rxb3 {[%emt 0:00:06]} 34. Bc1 {[%emt 0:00:00]} a5 {[%emt 0:00:04] Time (Lag: Av=0.89s, max=1.5s)} 0-1

[Event "Stay Safe Play From Home 174"]
[Site "T#646332Emanuel Laske"]
[Date "2020.05.25"]
[Round "9"]
[White "Tunca"]
[Black "Haris kollari 13"]
[Result "0-1"]
[WhiteElo "1775"]
[BlackElo "1830"]
[Annotator "NA"]
[PlyCount "44"]
[EventDate "2020.05.25"]
[EventType "swiss (blitz)"]

1. e4 {[%emt 0:00:04]} e5 {[%emt 0:00:01]} 2. f4 {[%emt 0:00:01]} exf4 {[%emt 0:00:01]} 3. Nf3 {[%emt 0:00:01]} b6 {[%emt 0:00:04]} 4. d4 {[%emt 0:00:04]} Bb7 {[%emt 0:00:01]} 5. Nc3 {[%emt 0:00:12]} g5 {[%emt 0:00:01]} 6. Bc4 {[%emt 0:00:04]} d6 {[%emt 0:00:16]} 7. O-O {[%emt 0:00:07]} h6 {[%emt 0:00:02]} 8. a4 {[%emt 0:00:19]} Bg7 {[%emt 0:00:01]} 9. a5 {[%emt 0:00:04]} Nf6 {[%emt 0:00:08]} 10. e5 {[%emt 0:00:15]} Nfd7 {[%emt 0:00:16]} 11. e6 {[%emt 0:00:12]} fxe6 {[%emt 0:00:04]} 12. Bxe6 {[%emt 0:00:01]} Nf6 {[%emt 0:00:09]} 13. d5 {[%emt 0:00:11]} Nbd7 {[%emt 0:00:04]} 14. Qd3 {[%emt 0:00:02]} Kf8 {[%emt 0:00:04]} 15. Qf5 {[%emt 0:00:09]} Nc5 {[%emt 0:00:14]} 16. Nd4 {[%emt 0:00:08]} Bc8 {[%emt 0:00:07]} 17. Nc6 {[%emt 0:00:27]} Qe8 {[%emt 0:00:06]} 18. Nd4 {[%emt 0:00:11]} Bxe6 {[%emt 0:00:08]} 19. dxe6 {[%emt 0:00:04]} Kg8 {[%emt 0:00:13]} 20. Ncb5 {[%emt 0:00:07]} Qb8 {[%emt 0:00:20]} 21. e7 {[%emt 0:00:07]} a6 {[%emt 0:00:11]} 22. axb6 {[%emt 0:00:08]} axb5 {[%emt 0:00:02] Time (Lag: Av=0.47s, max=0.9s)} 0-1

[Event "Stay Safe Play From Home 174"]
[Site "T#646332Emanuel Laske"]
[Date "2020.05.25"]
[Round "9"]
[White "Trotsky"]
[Black "Greblah"]
[Result "0-1"]
[WhiteElo "1570"]
[BlackElo "1907"]
[PlyCount "104"]
[EventDate "2020.05.25"]
[EventType "swiss (blitz)"]

1. d4 {[%emt 0:00:01]} c6 {[%emt 0:00:01]} 2. e3 {[%emt 0:00:01]} d5 {[%emt 0:00:01]} 3. c4 {[%emt 0:00:01]} Nf6 {[%emt 0:00:01]} 4. Nc3 {[%emt 0:00:01]} e6 {[%emt 0:00:01]} 5. Nf3 {[%emt 0:00:02]} Be7 {[%emt 0:00:01]} 6. Qc2 {[%emt 0:00:01]} O-O {[%emt 0:00:01]} 7. c5 {[%emt 0:00:01]} Nbd7 {[%emt 0:00:02]} 8. Bd3 {[%emt 0:00:01]} Re8 {[%emt 0:00:01]} 9. Ng5 {[%emt 0:00:01]} Nf8 {[%emt 0:00:01]} 10. h4 {[%emt 0:00:01]} h6 {[%emt 0:00:03]} 11. Bd2 {[%emt 0:00:03]} b6 {[%emt 0:00:05]} 12. O-O-O {[%emt 0:00:02]} bxc5 {[%emt 0:00:01]} 13. e4 {[%emt 0:00:01]} dxe4 {[%emt 0:00:02]} 14. Ncxe4 {[%emt 0:00:02]} Nxe4 {[%emt 0:00:01]} 15. Bxe4 {[%emt 0:00:01]} f5 {[%emt 0:00:03]} 16. Bd3 {[%emt 0:00:05]} hxg5 {[%emt 0:00:03]} 17. hxg5 {[%emt 0:00:01]} Ng6 {[%emt 0:00:02]} 18. g4 {[%emt 0:00:01]} Rf8 {[%emt 0:00:04]} 19. gxf5 {[%emt 0:00:01]} exf5 {[%emt 0:00:01]} 20. Bc4+ {[%emt 0:00:02]} Rf7 {[%emt 0:00:03]} 21. Bxf7+ {[%emt 0:00:02]} Kxf7 {[%emt 0:00:01]} 22. Bc3 {[%emt 0:00:05]} c4 {[%emt 0:00:04]} 23. d5 {[%emt 0:00:01]} cxd5 {[%emt 0:00:02]} 24. Rd4 {[%emt 0:00:09]} Bxg5+ {[%emt 0:00:03]} 25. Kb1 {[%emt 0:00:02]} Bf6 {[%emt 0:00:01]} 26. Rdd1 {[%emt 0:00:09]} Be6 {[%emt 0:00:01]} 27. Bxf6 {[%emt 0:00:02]} Qxf6 {[%emt 0:00:02]} 28. f4 {[%emt 0:00:02]} Nxf4 {[%emt 0:00:04]} 29. Rhf1 {[%emt 0:00:02]} Nd3 {[%emt 0:00:01]} 30. Qe2 {[%emt 0:00:10]} Rb8 {[%emt 0:00:02]} 31. b3 {[%emt 0:00:07]} cxb3 {[%emt 0:00:01]} 32. Qh5+ {[%emt 0:00:03]} Qg6 {[%emt 0:00:06]} 33. Qxg6+ {[%emt 0:00:03]} Kxg6 {[%emt 0:00:01]} 34. Rxd3 {[%emt 0:00:01]} bxa2+ {[%emt 0:00:01]} 35. Kxa2 {[%emt 0:00:01]} Kf6 {[%emt 0:00:05]} 36. Ka3 {[%emt 0:00:02]} g5 {[%emt 0:00:02]} 37. Rc1 {[%emt 0:00:01]} f4 {[%emt 0:00:04]} 38. Rf3 {[%emt 0:00:01]} Kf5 {[%emt 0:00:04]} 39. Rcc3 {[%emt 0:00:01]} g4 {[%emt 0:00:02]} 40. Rfd3 {[%emt 0:00:03]} f3 {[%emt 0:00:03]} 41. Rxf3+ {[%emt 0:00:01]} gxf3 {[%emt 0:00:02]} 42. Rxf3+ {[%emt 0:00:01]} Ke4 {[%emt 0:00:01]} 43. Rb3 {[%emt 0:00:02]} Rxb3+ {[%emt 0:00:02]} 44. Kxb3 {[%emt 0:00:01]} Kd3 {[%emt 0:00:01]} 45. Kb4 {[%emt 0:00:02]} d4 {[%emt 0:00:01]} 46. Kc5 {[%emt 0:00:02]} a5 {[%emt 0:00:03]} 47. Kb5 {[%emt 0:00:03]} Kc2 {[%emt 0:00:02]} 48. Kc5 {[%emt 0:00:02]} d3 {[%emt 0:00:01]} 49. Kd4 {[%emt 0:00:01]} d2 {[%emt 0:00:02]} 50. Ke5 {[%emt 0:00:01]} d1=Q {[%emt 0:00:01]} 51. Kxe6 {[%emt 0:00:01]} Qd4 {[%emt 0:00:02]} 52. Kf5 {[%emt 0:00:01]} a4 {[%emt 0:00:01] Trotsky Ñäàåòñÿ (Lag: Av=0.25s, max=0.8s)} 0-1